| 000 | 01502nam a2200241Ia 4500 | ||
|---|---|---|---|
| 003 | Ost | ||
| 005 | 20260507075206.0 | ||
| 008 | 260507s9999||||xx |||||||||||||| ||und|| | ||
| 020 | _a38652499539 | ||
| 040 | _cfsecg | ||
| 041 | _aara | ||
| 082 | _a330 | ||
| 100 |
_aالجواري، سلطان عبد الله محمود _eمؤلف |
||
| 245 | 0 |
_aعقود التجارة الالكترونية و القانون الواجب التطبيق : _bدراسة قانونية مقارنة / _c سلطان عبد الله محمود الجواري |
|
| 260 |
_aبيروت: _bمنشورات الحلبي الحقوقية, _c2010 |
||
| 300 |
_a327 صفحة؛ _bإيضاحات ؛ _c24 سم |
||
| 504 | _aمراجع ص.297 ؛ ملاحق ص.275 | ||
| 520 | _aماهية التجارة الالكترونية ، القانون الواجب التطبيق على عقد التجارة الالكترونية : قواعد الاسناد الاصلية و الاحتياطية ، قواعدالاسناد في التعاقد على المواقع الشبكية ، القانون المطبق في اثبات عقود التجارة الالكترونية : ماهية السندات الالكترونية حجية السندات الالكترونية في الاثبات ، القانون الواجب التطبيق في اثبات عقود التجارة الالكترونية . | ||
| 653 | _aالتجارة- تكنولوجيا | ||
| 653 | _aالقانون | ||
| 653 | _aعقود | ||
| 942 | _cكتاب | ||
| 999 |
_c43432 _d43432 |
||